000 02198nam a2200313 i 4500
003 DO-SdBNP
005 20260321073646.0
006 a||||gr|||| 00| 0
007 ta
008 230830e1992 dr ||||| |||| 00| 0 spa d
040 _aDO-SdBNP
_bspa
_cBNPHU
_erda
082 4 _a324.27293
_bB742p, 1992
_222
100 1 _a Bosch, Juan,
_d1909-2001
_eautor
_976555
245 1 3 _aEl PLD:
_bcolección estudios sociales /
_cJuan Bosch
250 _a2a. edición
264 1 _aSanto Domingo :
_bAlfa & Omega,
_c1992.
300 _a326 páginas ;
_c20 cm.
336 _2rdacontent
_atexto
_btxt
337 _2rdamedia
_asin mediación
_bn
338 _2rdacarrier
_avolumen
_bnc
505 _aPalabras de información para el lector.
_tSobre las causas de los ataques a Santo Domingo en el siglo XVI y XVII.--
_tSanto Domingo en el siglo XVII.--
_tLa revolución haitiana.--
_tLa España Boba y la Independencia Efímera 1809-1822.--
_tLa ocupación haitiana (1822-1844).--
_tPerfil político de Pedro Santana (I).--
_tPerfil político de Pedro Santana (II).--
_tLa acumulación originaria en la República Dominicana (I).--
_tLa acumulación originaria en la República Dominicana (II).--
_tLa acumulación originaria en la República Dominicana (III).--
_tLa acumulación originaria en la República Dominicana (III).--
_tLa acumulación originaria en la República Dominicana (IV).--
_tSobre las relaciones de producción.--
_tSobre la división de clases en la República Dominicana.--
_tSobre la formación de la burguesía.--
_tAcerca del Estado (I).--
_tAcerca del Estado (II).--
_tLa deuda externa (I).--
_tLa deuda externa (II).--
_tLos métodos de trabajo.--
_tBase teórica de los métodos de trabajo.--
_tPlanes y métodos.--
_tOrganización y disciplina (I).--
_tOrganización y disciplina (II).--
_tOrganización y disciplina (III)./
590 _aInventariado 2023 / YL
650 4 _aPartido de la Liberación Dominicana
_91909
650 4 _aPartidos políticos
_vRepública Dominicana
_984037
651 0 _aRepública Dominicana
_xPolítica y gobierno
_945
651 4 _aRepública Dominicana
_xHistoria
_9170
910 _aYlockward/ Validado. Control de calidad MFF
942 _2ddc
_cLBS1
999 _c55630
_d55630